Rob's General Knowledge - Multiple Choice #4 - Statistics

General Stats
  • This quiz has been taken 20 times
  • The average score is 7 of 20
Answer Stats
Question Answer % Correct
The 1970 movie 'Hercules in New York' was which action star's debut acting role? Arnold Schwarzenegger
100%
Which fruit is cultivated in viticulture? Grapes
100%
Dialysis involves the removal of toxic materials and waste from which organ of the body? Kidneys
100%
Which of the following events did NOT occur in 1953? France withdraws from Indochina
67%
Which is the oldest university in Scotland? St. Andrews University
67%
In the English legal system, how many people typically make up a jury? 12
33%
Who directed the 2002 zombie apocalypse movie '28 Days Later'? Danny Boyle
33%
Ossicles are projected horn-like structures on the skull of which animal? Giraffes
33%
Kippers are made from which type of fish? Herring
33%
What forename was shared by the fifth, fifteenth and thirty-ninth Presidents of the United States? James
33%
Which social media platform has as its icon a cartoon alien named 'Snoo'? Reddit
33%
Which Martin Scorsese movie was adapted from the Hong Kong crime thriller 'Infernal Affairs'? The Departed
33%
A venom piercing involves piercing which part of the body? Tongue
33%
Enver Hoxha led a brutal Stalinist dictatorship in which country? Albania
0%
Which Star Wars character has the first speaking line in Episode IV: A New Hope? C3PO
0%
W.G. Grace distinguished himself in which sport? Cricket
0%
The breakaway state of Transnistria is officially part of which country? Moldova
0%
Who was the first woman to serve as a judge on the US Supreme Court? Sandra Day O'Connor
0%
The sphenoid bone can be found in which region of the human skeleton? Skull
0%
Which instrument did Dizzy Gillespie play? Trombone
0%
No matching quizzes found
Score Distribution
Percent of People with Each Score
Percentile by Number Answered
Your Score History
You have not taken this quiz